00602nam a2200169Ia 4500008004100000020001500041041001200056100001800068245006300086260003500149300000800184650001400192700001500206942000700221999001700228952018700245221030s9999 xx 000 0 und d a8121902630 aEnglish aSatya Prakash 0aAdvanced Inorganic Chemistrycby Satya Prakash, G. D. Tuli bS. Chand & CoaNew Delhic1987 a990 aChemistry aG. D. Tuli cBK c15021d15021 pBE 13468g250.00l0eGifted by Mrs. Manju Hakhur2024-06-13 00:00:00w2022-10-30yBK003Print4070aMIETLIBbMIETLIBcBL-Academic Block B, FL-2, CUP-0, SH-0, R-0d2013-09-1110HBE